Law & Order: SVU - Characters by picture - Statistics

General Stats
  • This quiz has been taken 127 times
  • The average score is 9 of 16
Answer Stats
Picture Answer % Correct
Olivia Benson
99%
Elliot Stabler
88%
Odafin Tutuola
81%
John Munch
77%
Amanda Rollins
76%
Alexandra Cabot
67%
Rafael Barba
66%
Nick Amaro
61%
Casey Novak
58%
Melinda Warner
46%
Kathy Stabler
45%
George Huang
44%
Ed Tucker
37%
Chester Lake
29%
Ken Randall
21%
Kim Greylek
18%
No matching quizzes found
Score Distribution
Percent of People with Each Score
Percentile by Number Answered
Your Score History
You have not taken this quiz